US Presidents Named James - Statistics

General Stats
  • This quiz has been taken 88 times
    69 since last reset
  • The average score is 5 of 6
Answer Stats
President Number President % Correct
39 Jimmy Carter
93%
4 James Madison
87%
5 James Monroe
85%
15 James Buchanan
82%
11 James K. Polk
72%
20 James Garfield
67%
No matching quizzes found
Score Distribution
Percent of People with Each Score
Percentile by Number Answered
Your Score History
You have not taken this quiz since the last reset